000 00375nam a2200157Ia 4500
003 Ost
005 20260225132555.0
008 260225s9999||||xx |||||||||||||| ||und||
040 _cfsic
041 _afre
082 _a440
100 _aJacques Niyongabo
_eAuteur
245 0 _aLe Financement de l'éducation au Burundi /
245 0 _cJacques Niyongabo
942 _cكتاب
999 _c34403
_d34403